Normal view
MARC view
Entry Personal Name
001 - CONTROL NUMBER
- control field: 13874
003 - CONTROL NUMBER IDENTIFIER
- control field: BD-RjUL
005 - DATE AND TIME OF LATEST TRANSACTION
- control field: 20241021114738.0
008 - FIXED-LENGTH DATA ELEMENTS
- fixed length control field: 241021|| aca||aabn | a|a d
040 ## - CATALOGING SOURCE
- Original cataloging agency: BD-RjUL
- Transcribing agency: BD-RjUL
100 ## - HEADING--PERSONAL NAME
- Personal name: Jahan, Rawank
670 ## - SOURCE DATA FOUND
- Source citation: Work cat.: (BD-RjUL)84140: Jahan, Rawank, Role of Election Commission in Ensuring Free and Fair Election in Bangladesh /, 2017